| 000 | 01060nam a2200229 i 4500 | ||
|---|---|---|---|
| 001 | 27247 | ||
| 003 | ES-MaACL | ||
| 005 | 20230906153602.0 | ||
| 007 | t| | ||
| 008 | 030114s1837 sp ||||1| spa d | ||
| 080 | _a821.134.2-17"18" | ||
| 100 | 1 |
_aLozano Pérez Ramajo, Manuel. _9153285 |
|
| 245 | 1 | 3 |
_aEl asno ilustrado : _bo sea apología del asno, con notas y el elogio del rebuzno por apéndice / _cpor un asnólogo aprendiz de poeta ; corregido todo, reformado e ilustrado con nuevas copiosísimas anotaciones ... por J.J. Zeper Demicasa, borriquero del asnólogo. |
| 260 |
_aMadrid : _b[s.n.], _c1837 ( _fImp. Nacional) |
||
| 300 |
_aXXIV, 582 p., 1 lám. ; _c20 cm. |
||
| 500 | _aJ.J. Zeper Demicasa, seudónimo de José Joaquin Perez Necoechéa. | ||
| 530 | _aDisponible también en sitio web. | ||
| 700 | 1 |
_aZeper Demicasa, J. J. _9118194 |
|
| 740 | 0 | _aApología del asno. | |
| 852 |
_aES-MaACL _jG-9822 |
||
| 856 |
_uhttp://bibliotecadigitalhispanica.bne.es:80/webclient/DeliveryManager?pid=3488423&custom_att_2=simple_viewer _zIr a la página |
||
| 999 |
_c27247 _d27247 |
||